Délmagyarország. - 1941. augusztus 26., Kedd
Elmentve itt :
| Dokumentumtípus: | Újság |
|---|---|
| Megjelent: |
1941-08-26
|
| Sorozat: | Délmagyarország
17 No. 193 |
| Online Access: | http://dmarchiv.bibl.u-szeged.hu/9514 |
| LEADER | 00486nas a2200145 i 4500 | ||
|---|---|---|---|
| 001 | delm9514 | ||
| 005 | 20200414154926.0 | ||
| 008 | 171214s1941 hu n o 0|| hun d | ||
| 022 | |a 0133-025X | ||
| 040 | |a SZTE Délmagyarország Archívum |b hun | ||
| 041 | |a hun | ||
| 245 | 0 | 0 | |a Délmagyarország. - 1941. augusztus 26., Kedd |h [elektronikus dokumentum] |
| 260 | |c 1941-08-26 | ||
| 490 | 0 | |a Délmagyarország |v 17 No. 193 | |
| 856 | 4 | 0 | |u http://dmarchiv.bibl.u-szeged.hu/9514/1/dm_1941_193.pdf |z Dokumentum-elérés |